[Event "Titled Tuesday intern op 11th Feb Early"]
[Site "Chess.com INT"]
[Date "2025.02.11"]
[Round "6"]
[White "Diaz, Fernando"]
[Black "Bettalli, Francesco"]
[Result "0-1"]
[WhiteElo "2061"]
[BlackElo "2351"]
[PlyCount "74"]
[EventDate "2025.02.11"]
[EventType "swiss (blitz)"]
[EventRounds "11"]
[EventCountry "USA"]
[SourceTitle "CB08_2025"]
[SourceDate "2025.02.19"]
[SourceVersion "1"]
[SourceVersionDate "2025.02.19"]
[SourceQuality "1"]

1. e4 c6 2. d4 d5 3. exd5 cxd5 4. Bd3 Nc6 5. c3 Nf6 6. Bf4 Bg4 7. Qb3 Qd7 8. Nd2 e6 9. Ngf3 Bd6 10. Bxd6 Qxd6 11. 0-0 0-0 12. Rfe1 Bxf3 13. Nxf3 Nd7 14. Qd1 Rab8 15. Ng5 g6 16. Re3 Qe7 17. Qg4 e5 18. dxe5 Ndxe5 19. Qg3 Qf6 20. Bc2 Rfe8 21. Rae1 h6 22. Nh3 d4 23. cxd4 Nxd4 24. Bd1 Nf5 25. Rxe5 Nxg3 26. Rxe8+ Rxe8 27. Rxe8+ Kg7 28. hxg3 Qxb2 29. Re1 Qd2 30. Kf1 Qxa2 31. Nf4 Qd2 32. Bf3 b5 33. Rd1 Qc3 34. Rd7 a5 35. Bd5 Qc1+ 36. Ke2 Qc2+ 37. Kf1 Qd1# 0-1

[Event "Titled Tuesday intern op 04th Feb Early"]
[Site "Chess.com INT"]
[Date "2025.02.04"]
[Round "4"]
[White "Diaz, Fernando"]
[Black "Korol, Dimitry"]
[Result "1/2-1/2"]
[WhiteElo "2061"]
[BlackElo "2287"]
[PlyCount "91"]
[EventDate "2025.02.04"]
[EventType "swiss (blitz)"]
[EventRounds "11"]
[EventCountry "USA"]
[SourceTitle "CB07_2025"]
[SourceDate "2025.02.12"]
[SourceVersion "1"]
[SourceVersionDate "2025.02.12"]
[SourceQuality "1"]

1. e4 c5 2. d4 cxd4 3. c3 d5 4. exd5 Qxd5 5. cxd4 Nc6 6. Nf3 e5 7. Nc3 Bb4 8. Be2 exd4 9. 0-0 Qd8 10. Nb5 Nge7 11. Nbxd4 0-0 12. Bd3 Bg4 13. Be3 Nxd4 14. Bxd4 Bxf3 15. gxf3 Nc6 16. Be3 Qh4 17. Qa4 Qh5 18. Be4 Bd6 19. f4 Rac8 20. Rac1 Rfe8 21. Rfd1 Re6 22. Rd5 Qg4+ 23. Kh1 Rce8 24. Rg5 Qh3 25. Rg3 Qh4 26. Bd5 Rh6 27. Rg2 Rf8 28. Rcg1 g6 29. Qe4 Ne7 30. Bxb7 Nf5 31. Qf3 Kg7 32. Bd2 Be7 33. Ba6 Rd8 34. Bc3+ Kg8 35. Bc4 Bf6 36. Bxf6 Qxf6 37. Qb7 Nh4 38. Rg3 Rf8 39. Re1 Nf5 40. Rg2 Qh4 41. Qxa7 Qxf4 42. Bb3 Nh4 43. Rg3 Nf5 44. Rg2 Nh4 45. Rg3 Nf5 46. Rg2 1/2-1/2

[Event "Titled Tuesday intern op 03rd Sep Early"]
[Site "Chess.com INT"]
[Date "2024.09.03"]
[Round "3"]
[White "Brown, Michael William"]
[Black "Diaz, Fernando"]
[Result "1-0"]
[WhiteElo "2509"]
[BlackElo "2061"]
[PlyCount "91"]
[EventDate "2024.09.03"]
[EventType "swiss (blitz)"]
[EventRounds "11"]
[EventCountry "USA"]
[SourceTitle "EXT 2025"]
[Source "ChessBase"]
[SourceDate "2024.10.14"]
[SourceVersion "1"]
[SourceVersionDate "2024.10.14"]
[SourceQuality "1"]

1. d4 e5 2. dxe5 d6 3. Nf3 Nc6 4. e4 Bg4 5. Bb5 dxe5 6. Nbd2 Nge7 7. h3 Bh5 8. g4 Bg6 9. Nxe5 Qd4 10. Nef3 Qc5 11. Qe2 0-0-0 12. c3 h5 13. g5 a6 14. Bc4 Ne5 15. Nxe5 Qxe5 16. h4 Nc6 17. 0-0 Qf4 18. Bd5 Ne5 19. f3 Bc5+ 20. Kh1 Qxh4+ 21. Qh2 Qxh2+ 22. Kxh2 c6 23. Bb3 Be3 24. Nc4 Bxc1 25. Raxc1 Nxc4 26. Bxc4 Rd2+ 27. Kg3 h4+ 28. Kf4 Rxb2 29. Rh1 a5 30. a4 Kd7 31. Ke3 f5 32. gxf6 gxf6 33. Rcg1 Rh6 34. f4 Kd6 35. f5 Bh5 36. Rxh4 Rc2 37. Kd3 Rf2 38. Rgh1 Rf3+ 39. Kc2 Rf2+ 40. Kc1 Kc5 41. Bb3 Rf3 42. Rxh5 Rxh5 43. Rxh5 Rxc3+ 44. Kb2 Kb4 45. Bc2 Rb3+ 46. Bxb3 1-0

[Event "Titled Tuesday intern op 20th Aug Early"]
[Site "Chess.com INT"]
[Date "2024.08.20"]
[Round "4"]
[White "Diaz, Fernando"]
[Black "Tinmaz, Kerem"]
[Result "1-0"]
[WhiteElo "2061"]
[BlackElo "2015"]
[PlyCount "55"]
[EventDate "2024.08.20"]
[EventType "swiss (blitz)"]
[EventRounds "11"]
[EventCountry "USA"]
[SourceTitle "EXT 2025"]
[Source "ChessBase"]
[SourceDate "2024.10.14"]
[SourceVersion "1"]
[SourceVersionDate "2024.10.14"]
[SourceQuality "1"]

1. e4 c6 2. d4 d5 3. exd5 cxd5 4. Bd3 Nc6 5. c3 Nf6 6. Bf4 Bg4 7. Qb3 Qd7 8. Nd2 e6 9. Ngf3 Bd6 10. Bxd6 Qxd6 11. 0-0 0-0 12. Rfe1 Bxf3 13. Nxf3 a6 14. Qd1 b5 15. Ne5 Nd7 16. f4 Ndxe5 17. fxe5 Qe7 18. Qh5 h6 19. Re3 Qg5 20. Qh3 Kh8 21. Rf1 b4 22. Rg3 Qd2 23. Qg4 g6 24. Qh4 Kg7 25. Qf6+ Kg8 26. Rxg6+ fxg6 27. Qxg6+ Kh8 28. Qh7# 1-0

[Event "Titled Tuesday intern op 20th Aug Early"]
[Site "Chess.com INT"]
[Date "2024.08.20"]
[Round "2"]
[White "Pham, Le Thao Nguyen"]
[Black "Diaz, Fernando"]
[Result "1-0"]
[WhiteElo "2395"]
[BlackElo "2061"]
[PlyCount "73"]
[EventDate "2024.08.20"]
[EventType "swiss (blitz)"]
[EventRounds "11"]
[EventCountry "USA"]
[SourceTitle "EXT 2025"]
[Source "ChessBase"]
[SourceDate "2024.10.14"]
[SourceVersion "1"]
[SourceVersionDate "2024.10.14"]
[SourceQuality "1"]

1. d4 e5 2. dxe5 d6 3. Nf3 Nc6 4. Bg5 f6 5. exf6 gxf6 6. Bh4 Bg4 7. Nbd2 Qd7 8. c3 0-0-0 9. h3 Bf5 10. e3 Kb8 11. Qa4 Bg7 12. Bb5 Nge7 13. Nd4 Bg6 14. Nc4 a6 15. Nxc6+ Nxc6 16. Bxc6 Qxc6 17. Qxc6 bxc6 18. Na5 Be8 19. 0-0-0 Bd7 20. b4 Rde8 21. Kb2 f5 22. Bg3 Re4 23. a3 h5 24. Bf4 Rg8 25. g3 Bf6 26. h4 Kc8 27. Rd2 c5 28. bxc5 dxc5 29. Rd5 Ra4 30. Rxc5 Be7 31. Rxc7+ Kd8 32. Nc4 Bb5 33. Rd1+ Ke8 34. Nd6+ Kf8 35. Rc8+ Kg7 36. Nxf5+ Kf7 37. Nxe7 1-0

[Event "Titled Tuesday intern op 16th Jul Early"]
[Site "Chess.com INT"]
[Date "2024.07.16"]
[Round "1"]
[White "Diaz, Fernando"]
[Black "Ambartsumian, Tyhran"]
[Result "0-1"]
[WhiteElo "2061"]
[BlackElo "2156"]
[PlyCount "118"]
[EventDate "2024.07.16"]
[EventType "swiss (blitz)"]
[EventRounds "11"]
[EventCountry "USA"]
[SourceTitle "EXT 2025"]
[Source "ChessBase"]
[SourceDate "2024.10.14"]
[SourceVersion "1"]
[SourceVersionDate "2024.10.14"]
[SourceQuality "1"]

1. e4 e5 2. Nf3 Nc6 3. Bc4 Nf6 4. Ng5 d5 5. exd5 b5 6. Bxb5 Qxd5 7. Bxc6+ Qxc6 8. Qf3 e4 9. Qc3 Qxc3 10. Nxc3 Bb7 11. 0-0 Be7 12. Re1 0-0 13. Ngxe4 Nxe4 14. Nxe4 Rfe8 15. d3 Bb4 16. Bd2 Rxe4 17. Rxe4 Bxd2 18. Re7 Rc8 19. c3 Bf4 20. Rae1 Kf8 21. g3 Bd6 22. R7e3 h5 23. h4 a5 24. d4 a4 25. b3 axb3 26. axb3 Bc6 27. c4 Bb4 28. Ra1 Bd2 29. Rd3 Bh6 30. d5 Bd7 31. Ra7 Bf5 32. Rd1 Bc2 33. Rda1 Bxb3 34. R1a5 Bxc4 35. Rc5 Bb3 36. d6 Be6 37. dxc7 Ke7 38. f4 g6 39. Kf2 Bg7 40. Ke3 Kd7 41. Ke4 Bf8 42. Rc1 Bd6 43. Rd1 Rxc7 44. Ra6 Rc6 45. Ra7+ Ke8 46. Ra8+ Ke7 47. Ra7+ Kf6 48. Rd4 Kg7 49. Ra5 Bf8 50. Rda4 Rc3 51. Ra6 Rxg3 52. Ke5 Re3+ 53. Kd4 Rh3 54. Rb6 Rxh4 55. Ke3 Rh3+ 56. Ke4 Bf5+ 57. Ke5 Re3+ 58. Kd4 Re4+ 59. Kd5 Rxa4 0-1

[Event "Titled Tuesday intern op 16th Jul Early"]
[Site "Chess.com INT"]
[Date "2024.07.16"]
[Round "5"]
[White "Diaz, Fernando"]
[Black "Garcia, Angie"]
[Result "0-1"]
[WhiteElo "2061"]
[BlackElo "2015"]
[PlyCount "78"]
[EventDate "2024.07.16"]
[EventType "swiss (blitz)"]
[EventRounds "11"]
[EventCountry "USA"]
[SourceTitle "EXT 2025"]
[Source "ChessBase"]
[SourceDate "2024.10.14"]
[SourceVersion "1"]
[SourceVersionDate "2024.10.14"]
[SourceQuality "1"]

1. e4 e6 2. d4 d5 3. Nc3 Bb4 4. e5 c5 5. a3 Bxc3+ 6. bxc3 Qa5 7. Bd2 Qa4 8. Rb1 a6 9. Nf3 Ne7 10. Bd3 c4 11. Be2 Qxa3 12. 0-0 Qa5 13. Ng5 h6 14. Nh3 Bd7 15. f4 Nbc6 16. Rxb7 Qd8 17. Qa1 0-0 18. g4 f5 19. exf6 Rxf6 20. g5 hxg5 21. fxg5 Rxf1+ 22. Qxf1 Nf5 23. Qg2 Qc8 24. Rb1 Rb8 25. Rf1 Nce7 26. g6 a5 27. Qg5 a4 28. Bf4 Rb7 29. Be5 a3 30. Qh5 a2 31. Qh7+ Kf8 32. Qh8+ Ng8 33. Ng5 Rb1 34. Qxg7+ Ke8 35. Qxg8+ Ke7 36. Qf7+ Kd8 37. Qf8+ Be8 38. Nf7+ Kd7 39. Bd1 a1Q 0-1

[Event "Titled Tuesday intern op 02nd Jul Early"]
[Site "Chess.com INT"]
[Date "2024.07.02"]
[Round "2"]
[White "Ponomarev, Dmitry"]
[Black "Diaz, Fernando"]
[Result "1-0"]
[WhiteElo "2417"]
[BlackElo "2061"]
[PlyCount "49"]
[EventDate "2024.07.02"]
[EventType "swiss (blitz)"]
[EventRounds "11"]
[EventCountry "USA"]
[SourceTitle "EXT 2025"]
[Source "ChessBase"]
[SourceDate "2024.10.14"]
[SourceVersion "1"]
[SourceVersionDate "2024.10.14"]
[SourceQuality "1"]

1. e4 e6 2. d4 d5 3. Bd3 Nf6 4. e5 Nfd7 5. Ne2 c5 6. c3 Nc6 7. 0-0 Be7 8. Nd2 g5 9. Bc2 h5 10. Nb3 Rg8 11. Ng3 h4 12. Nh5 g4 13. Bh7 Rg6 14. Bxg6 fxg6 15. Qxg4 Nf8 16. Nf4 g5 17. Nh3 c4 18. Nd2 b5 19. Nf3 Qb6 20. Nfxg5 Bd7 21. Qh5+ Kd8 22. a3 Kc7 23. Nf4 a5 24. Qf7 Nd8 25. Qxe7 1-0

[Event "Titled Tuesday intern op 25th Jun Late"]
[Site "Chess.com INT"]
[Date "2024.06.25"]
[Round "2"]
[White "D'Arruda, Ricardo D"]
[Black "Diaz, Fernando"]
[Result "1-0"]
[WhiteElo "2271"]
[BlackElo "2067"]
[PlyCount "35"]
[EventDate "2024.06.25"]
[EventType "swiss (blitz)"]
[EventRounds "11"]
[EventCountry "USA"]
[SourceTitle "EXT 2025"]
[Source "ChessBase"]
[SourceDate "2024.10.14"]
[SourceVersion "1"]
[SourceVersionDate "2024.10.14"]
[SourceQuality "1"]

1. d4 e5 2. dxe5 d6 3. exd6 Bxd6 4. Nf3 Nc6 5. e3 Bg4 6. Be2 Qe7 7. c3 0-0-0 8. Qa4 h5 9. Nbd2 Kb8 10. Nc4 Bc5 11. b4 Bb6 12. Nxb6 axb6 13. Bd2 Nf6 14. 0-0-0 Ne4 15. Be1 Rxd1+ 16. Bxd1 Rd8 17. h3 Qg5 18. Nxg5 1-0

[Event "Titled Tuesday intern op 11th Jun Late"]
[Site "Chess.com INT"]
[Date "2024.06.11"]
[Round "7"]
[White "Gelman, Alexander"]
[Black "Diaz, Fernando"]
[Result "1-0"]
[WhiteElo "2403"]
[BlackElo "2067"]
[PlyCount "67"]
[EventDate "2024.06.11"]
[EventType "swiss (blitz)"]
[EventRounds "11"]
[EventCountry "USA"]
[SourceTitle "EXT 2025"]
[Source "ChessBase"]
[SourceDate "2024.10.14"]
[SourceVersion "1"]
[SourceVersionDate "2024.10.14"]
[SourceQuality "1"]

1. c4 e5 2. e3 Nc6 3. a3 a5 4. d3 g6 5. Nf3 Bg7 6. Nc3 d6 7. Be2 Nge7 8. Qc2 0-0 9. Bd2 h6 10. h3 f5 11. Rb1 Be6 12. b4 axb4 13. axb4 Qd7 14. b5 Nd8 15. 0-0 g5 16. Ra1 Rxa1 17. Rxa1 Ng6 18. Ra8 Nf7 19. Ra7 g4 20. hxg4 fxg4 21. Nh2 Nd8 22. Ne4 Ne7 23. Qd1 Bf5 24. Bxg4 Nc8 25. Ra8 Nb6 26. Ra2 d5 27. cxd5 Qxd5 28. Bxf5 Qxa2 29. g4 Qd5 30. Bb4 Rf7 31. Nc3 Rxf5 32. Nxd5 Nxd5 33. gxf5 Nxb4 34. Qb3+ 1-0

[Event "Titled Tuesday intern op 04th Jun Early"]
[Site "Chess.com INT"]
[Date "2024.06.04"]
[Round "2"]
[White "Srdanovic, Jovana"]
[Black "Diaz, Fernando"]
[Result "0-1"]
[WhiteElo "2134"]
[BlackElo "2067"]
[PlyCount "48"]
[EventDate "2024.06.04"]
[EventType "swiss (blitz)"]
[EventRounds "11"]
[EventCountry "USA"]
[SourceTitle "EXT 2025"]
[Source "ChessBase"]
[SourceDate "2024.10.14"]
[SourceVersion "1"]
[SourceVersionDate "2024.10.14"]
[SourceQuality "1"]

1. d4 e5 2. dxe5 d6 3. Nf3 Nc6 4. exd6 Bxd6 5. g3 Bg4 6. Bg2 Qe7 7. 0-0 0-0-0 8. Nbd2 h5 9. c4 g5 10. b4 Bxb4 11. Rb1 h4 12. a3 Bc5 13. Qb3 Na5 14. Qb5 Bb6 15. Bb2 Rh6 16. Nb3 Nxb3 17. Qxb3 Qxe2 18. c5 Bxc5 19. Nxg5 Rb6 20. Qc3 Bd4 21. Qa5 Bxb2 22. Qxa7 Qa6 23. Qxa6 bxa6 24. Nxf7 Rd2 0-1

[Event "Titled Tuesday intern op 14th May Early"]
[Site "Chess.com INT"]
[Date "2024.05.14"]
[Round "1"]
[White "Usov, Aleksandr E"]
[Black "Diaz, Fernando"]
[Result "1-0"]
[WhiteElo "2245"]
[BlackElo "2069"]
[PlyCount "91"]
[EventDate "2024.05.14"]
[EventType "swiss (blitz)"]
[EventRounds "11"]
[EventCountry "USA"]
[SourceTitle "EXT 2025"]
[Source "ChessBase"]
[SourceDate "2024.10.14"]
[SourceVersion "1"]
[SourceVersionDate "2024.10.14"]
[SourceQuality "1"]

1. d4 e5 2. dxe5 d6 3. exd6 Bxd6 4. Nf3 Nc6 5. Bg5 f6 6. Bh4 Bg4 7. Bg3 Ne5 8. Nxe5 fxe5 9. Nd2 Nf6 10. h3 Bh5 11. c3 Qe7 12. Qa4+ c6 13. Ne4 Nxe4 14. Qxe4 Bg6 15. Qc4 0-0-0 16. e3 Kb8 17. Be2 Bf7 18. Qa4 h5 19. 0-0 g5 20. Bh2 Be6 21. Rfd1 g4 22. hxg4 hxg4 23. Rxd6 Qxd6 24. Qe4 Rh5 25. f4 Qc5 26. f5 Bxf5 27. Qxe5+ Qxe5 28. Bxe5+ Kc8 29. Kf2 Rd2 30. e4 Be6 31. Bf4 Rxb2 32. Ke3 Rc5 33. Kd4 Ra5 34. Bd3 Rxg2 35. Rh1 Rg3 36. Bxg3 Rxa2 37. Ke5 Bd7 38. Kd6 b5 39. Rh8+ Kb7 40. Kxd7 Rd2 41. Rb8+ Ka6 42. Kxc6 Rxd3 43. Be5 g3 44. Rxb5 g2 45. Rb1 Ka5 46. Ra1# 1-0

[Event "Titled Tuesday intern op 07th May Early"]
[Site "Chess.com INT"]
[Date "2024.05.07"]
[Round "1"]
[White "Skotheim, Andreas"]
[Black "Diaz, Fernando"]
[Result "1-0"]
[WhiteElo "2225"]
[BlackElo "2069"]
[PlyCount "101"]
[EventDate "2024.05.07"]
[EventType "swiss (blitz)"]
[EventRounds "11"]
[EventCountry "USA"]
[SourceTitle "EXT 2025"]
[Source "ChessBase"]
[SourceDate "2024.10.14"]
[SourceVersion "1"]
[SourceVersionDate "2024.10.14"]
[SourceQuality "1"]

1. Nc3 e6 2. d4 d5 3. Bf4 Bb4 4. e3 Nf6 5. Bd3 0-0 6. Nge2 c5 7. a3 Bxc3+ 8. Nxc3 c4 9. Be2 Nc6 10. 0-0 a6 11. Bg3 b5 12. f3 Qb6 13. Bf2 b4 14. axb4 Qxb4 15. Ra2 Qe7 16. e4 Nb4 17. Ra1 Rb8 18. Bh4 e5 19. dxe5 Qxe5 20. Bg3 Qe6 21. Bxb8 Qb6+ 22. Kh1 Qxb8 23. exd5 Bf5 24. Rc1 Rd8 25. Bxc4 a5 26. Bb3 Qf4 27. Ne2 Qh4 28. Qe1 Qh6 29. Ng3 Bg6 30. Ne4 Nfxd5 31. Rd1 Qh5 32. c3 Nc6 33. Ba4 Nde7 34. Bxc6 Nxc6 35. Rxd8+ Nxd8 36. Qd2 Qh4 37. Qg5 Qxg5 38. Nxg5 h6 39. Ne4 Ne6 40. Ra1 Nf4 41. Rxa5 Nd3 42. Ra8+ Kh7 43. Rb8 f5 44. Nd6 Nf2+ 45. Kg1 Nd1 46. c4 Ne3 47. c5 Nd5 48. c6 Nc7 49. Rb7 Ne6 50. c7 f4 51. c8Q 1-0

[Event "Titled Tuesday intern op 16th Apr Early"]
[Site "Chess.com INT"]
[Date "2024.04.16"]
[Round "2"]
[White "Diaz, Fernando"]
[Black "Silva, Pedro Gil Ferreira"]
[Result "0-1"]
[WhiteElo "2086"]
[BlackElo "2237"]
[PlyCount "98"]
[EventDate "2024.04.16"]
[EventType "swiss (blitz)"]
[EventRounds "11"]
[EventCountry "USA"]
[SourceTitle "CBM 219 Extra"]
[Source "ChessBase"]
[SourceDate "2024.05.31"]
[SourceVersion "1"]
[SourceVersionDate "2024.05.31"]
[SourceQuality "1"]

1. e4 c5 2. d4 cxd4 3. c3 Nf6 4. e5 Nd5 5. Nf3 e6 6. cxd4 d6 7. a3 Be7 8. Bd3 b6 9. 0-0 Bb7 10. Bd2 0-0 11. Nc3 Nd7 12. Qe2 Nxc3 13. Bxc3 Rc8 14. Rac1 dxe5 15. dxe5 Nc5 16. Bc2 Ba6 17. Qe3 Bxf1 18. Rxf1 Qc7 19. Ng5 Bxg5 20. Qxg5 Rfd8 21. h4 h6 22. Qg3 a5 23. f4 Qc6 24. f5 Ne4 25. Bxe4 Qxe4 26. f6 g6 27. h5 g5 28. Re1 Qf5 29. Qe3 Rc5 30. b4 Rd3 31. bxc5 Rxe3 32. Rxe3 bxc5 33. Bxa5 g4 34. g3 Qxh5 35. a4 Qf5 36. Be1 Qb1 37. a5 c4 38. Kf1 Qa2 39. Re4 h5 40. Re3 Kh7 41. Kg1 Kg6 42. Kf1 Kf5 43. Kg1 h4 44. gxh4 Kf4 45. Rc3 Kxe5 46. Kf1 Kxf6 47. Rg3 Kf5 48. Rg2 Qa1 49. h5 Kg5 0-1

[Event "Titled Tuesday intern op 16th Apr Early"]
[Site "Chess.com INT"]
[Date "2024.04.16"]
[Round "9"]
[White "Diaz, Fernando"]
[Black "Smirnov, Mark1"]
[Result "0-1"]
[WhiteElo "2086"]
[BlackElo "2128"]
[PlyCount "42"]
[EventDate "2024.04.16"]
[EventType "swiss (blitz)"]
[EventRounds "11"]
[EventCountry "USA"]
[SourceTitle "CBM 219 Extra"]
[Source "ChessBase"]
[SourceDate "2024.05.31"]
[SourceVersion "1"]
[SourceVersionDate "2024.05.31"]
[SourceQuality "1"]

1. e4 c5 2. d4 cxd4 3. c3 Nf6 4. e5 Nd5 5. Nf3 d6 6. cxd4 Nc6 7. Bc4 Nb6 8. Bb3 dxe5 9. dxe5 Qxd1+ 10. Bxd1 Bg4 11. Bf4 e6 12. Nbd2 Bb4 13. 0-0 0-0-0 14. Ne4 Nd5 15. Bg3 Bxf3 16. Bxf3 Nd4 17. Nd6+ Bxd6 18. Bxd5 Ne2+ 19. Kh1 Nxg3+ 20. hxg3 Bxe5 21. Bxb7+ Kxb7 0-1

[Event "Titled Tuesday intern op 16th Apr Early"]
[Site "Chess.com INT"]
[Date "2024.04.16"]
[Round "3"]
[White "Sai Agni, Jeevitesh J"]
[Black "Diaz, Fernando"]
[Result "0-1"]
[WhiteElo "2274"]
[BlackElo "2086"]
[PlyCount "86"]
[EventDate "2024.04.16"]
[EventType "swiss (blitz)"]
[EventRounds "11"]
[EventCountry "USA"]
[SourceTitle "CBM 219 Extra"]
[Source "ChessBase"]
[SourceDate "2024.05.31"]
[SourceVersion "1"]
[SourceVersionDate "2024.05.31"]
[SourceQuality "1"]

1. e4 e6 2. d4 d5 3. Nc3 Bb4 4. Nge2 Nf6 5. e5 Nfd7 6. a3 Be7 7. f4 a6 8. Be3 c5 9. Qd2 Nc6 10. Nd1 cxd4 11. Nxd4 Nxd4 12. Bxd4 Nc5 13. Nf2 Bd7 14. Be2 Rc8 15. 0-0 0-0 16. Rad1 b5 17. b4 Na4 18. Bd3 Nb6 19. Ra1 Nc4 20. Qe2 f6 21. Qh5 f5 22. Qe2 Be8 23. c3 Kh8 24. Kh1 Rg8 25. Rg1 g5 26. fxg5 Rxg5 27. Nh3 Rg4 28. Raf1 Bf7 29. Bxf5 exf5 30. e6+ Bf6 31. exf7 Bxd4 32. Rxf5 Re4 33. f8Q+ Qxf8 34. Rxf8+ Rxf8 35. Qxe4 dxe4 36. cxd4 e3 37. Re1 Rd8 38. Nf4 Rxd4 39. g3 Rd2 40. Re2 Rxe2 41. Nxe2 Nxa3 42. Kg2 Kg7 43. Kf3 Kf6 0-1

[Event "Titled Tuesday intern op 16th Apr Early"]
[Site "Chess.com INT"]
[Date "2024.04.16"]
[Round "8"]
[White "Seder, Mohamad"]
[Black "Diaz, Fernando"]
[Result "1-0"]
[WhiteElo "2077"]
[BlackElo "2086"]
[PlyCount "71"]
[EventDate "2024.04.16"]
[EventType "swiss (blitz)"]
[EventRounds "11"]
[EventCountry "USA"]
[SourceTitle "CBM 219 Extra"]
[Source "ChessBase"]
[SourceDate "2024.05.31"]
[SourceVersion "1"]
[SourceVersionDate "2024.05.31"]
[SourceQuality "1"]

1. e4 e6 2. d4 d5 3. exd5 exd5 4. Bd3 c6 5. Bf4 Na6 6. c3 Nc7 7. Qe2+ Be6 8. Nf3 Be7 9. Qe5 Rc8 10. Qxg7 Bf6 11. Qg3 Ne7 12. Bg5 Nf5 13. Bxf6 Qxf6 14. Qe5 Qh6 15. Qxh8+ Kd7 16. Ne5+ Ke7 17. Qxc8 Bxc8 18. Nd2 Nd6 19. 0-0-0 f6 20. Nef3 Bf5 21. Bxf5 Nxf5 22. g4 Nd6 23. h4 Qf4 24. g5 Ne4 25. Rde1 Kd6 26. Re3 Nxf2 27. Rf1 Qxe3 28. gxf6 Nd3+ 29. Kc2 Nf4 30. f7 Nce6 31. Ng5 Qd3+ 32. Kd1 Qe2+ 33. Kc2 Qd3+ 34. Kd1 h6 35. Nxe6 Nxe6 36. Rf6 1-0